Statystyki dla Największe miasta leżące na wyspach

Kliknij tutaj aby rozwiązać quiz!

Ogólne statystyki

  • Ten quiz został rozwiązany 33 razy
  • Średni wynik to 18 z 46

Statystyki odpowiedzi

Morze/OceanWyspaLudnośćMiasto% Poprawnych
Kanał La MancheWielka Brytania8,9 mlnLondyn
96%
Morze JawajskieJawa10,1 mlnDżakarta
93%
Morze Koralowe/
Morze Tasmana
Australia5,3 mlnSydney
89%
Ocean SpokojnyHonsiu14 mlnTokio
86%
Zatoka ManilskaLuzon1,6 mlnManila
82%
Morze WschodniochińskieTajwan2,6 mlnTajpej
79%
Zatoka MeksykańskaKuba2,1 mlnHawana
71%
Morze TasmanaAustralia5 mlnMelbourne
71%
Morze TyrreńskieSycylia657 tysPalermo
71%
Morze PółnocneWielka Brytania1,1 mlnBirmingham
68%
Ocean SpokojnyHonsiu2,7 mlnOsaka
68%
Ocean IndyjskiAustralia2,1 mlnPerth
68%
Morze IrlandzkieIrlandia554 tysDublin
57%
Morze KaraibskieHaiti942 tysPort-au-Prince
57%
Morze KaraibskieJamajka666 tysKingston
54%
Morze TasmanaWyspa Północna1,4 mlnAuckland
46%
Morze KoraloweAustralia2,5 mlnBrisbane
46%
Morze ŚródziemneCypr309 tysNikozja
46%
Morze BalearskieMajorka400 tysPalma de Mallorca
46%
Morze KaraibskieHaiti2 mlnSanto Domingo
46%
Wielka Zatoka
Australijska
Australia1,3 mlnAdelaide
43%
Ocean IndyjskiMadagaskar1,2 mlnAntananarywa
43%
Morze JapońskieHokkaido1,9 mlnSapporo
43%
Morze LakkadiwskieCejlon (Sri Lanka)753 tysKolombo
36%
Morze Bałtyckie/
Morze Północne
Zelandia794 tysKopenhaga
36%
Morze FilipińskieHonsiu2,3 mlnNagoja
36%
Morze KoraloweNowa Gwinea364 tysPort Moresby
32%
Ocean SpokojnyHonsiu3,7 mlnJokohama
29%
Morze PółnocneWielka Brytania785 tysLeeds
29%
Ocean AtlantyckiPortoryko402 tysSan Juan
25%
Morze JońskieSycylia306 tysKatania
18%
Zatoka ManilskaLuzon2,7 mlnQuezon City
18%
Morze JawajskieJawa2,7 mlnSurabaja
18%
Morze ŻółteCzedżu469 tysCzedżu
11%
Morze TasmanaWyspa Południowa376 tysChristchurch
7%
Cieśnina MalakkaSumatra2,1 mlnMedan
7%
Morze WschodniochińskieTajwan1,9 mlnTainan
7%
Morze CelebesDavao1,1 mlnDavao
4%
Morze PołudniowochińskieTajwan2, 7 mlnKaohsiung
4%
Morze PołudniowochińskieHajnan462 tysSanya
4%
Morze Wschodniochińskie/
Morze Południowochińskie
Tajwan2,6 mlnTaizhong
4%
Morze JawajskieJawa2,4 mlnBandung
0%
Morze JawajskieJawa2,3 mlnBekasi
0%
Zatoka ManilskaLuzon1,4 mlnCaloocan
0%
Morze PołudniowochińskieHajnan680 tysHaikou
0%
Morze TasmanaWyspa Północna438 tysManukau
0%

Rozkład punktacji

Percentyl według liczby udzielonych odpowiedzi

Procent ludzi z każdym wynikiem

Twoja historia wyników

Nie rozwiązałeś tego quizu